000 00665nam a2200241Ia 4500
003 OSt
005 20221007065404.0
006 a|||||r|||| 00| 0
007 ta
008 221006b |||||||| |||| 00| 0 eng d
024 _a43,087
037 _cTextual
040 _aFLL
_cFLL
_beng
041 _2eng
_aeng
082 _aD65,8(B):(Z,5), Q4
100 _aBryant R. Ed.
_9686932
245 0 _aPolicing digital crime
260 _aEngland
_bAshgate Publishing Limited
_c2014
300 _axviii258p
_ccm.
700 _a Bryant S.
_9686933
942 _hD65,8(B):(Z,5), Q4
_cTEXL
_2CC
999 _c1137167
_d1137167